00909nam a2200181 a 450000100100000000500170001000800410002704000250006808200150009324500480010826000740015630000200023050000730025095201250032395201310044895201310057999900170071000001407420200929163449.0090831s1956 dr 000 0 spa d aDO-SdBNPbspacBNPHU axxxxbxxxx00aEvolución urbanistica de ciudad Trujillo. aSanto Domingo :bConsejo Administrativo del Distrito Nacional,c1956. a92 p. ;c23 cm. aIncluye referencias bibliográficas y notas al pie de las páginas 0010718PDaPDbPDcCTd2009-12-03iLF1l0o305.57293 B742c, 1995p14074-10r2020-06-25w2020-06-25yLFPDZNo se presta 0010718PDaPDbPDcCTd2013-07-02iLF1l0o305.57293 B742c, 1995p14074-20r2020-06-25te. 2w2020-06-25yLFPDZNo se presta 0010718DSaPDbPDcCTd2013-07-02iLF1l0o305.57293 B742c, 1995p14074-30r2020-06-25te. 3w2020-06-25yLFDSZNo se presta c13676d13676